000 00445nam a22001817a 4500
005 20260402110835.0
008 260402b |||||||| |||| 00| 0 eng d
020 _a9789351430476
041 _aEnglish
082 _a345.5405 SAR
100 _aSarkar, S.C
245 _aCode of Criminal Procedure. Vol. 1
250 _a10th
260 _aNew Delhi:
_bLexisNexis,
_c2014.
300 _a1267 p.
650 _bCriminal Procedure
942 _cDB
999 _c9579
_d9579